书目信息 |
| 题名: |
文子
|
|
| 作者: | 佚名 编 | |
| 分册: | ||
| 出版信息: | 北京 中国书店 2018 |
|
| 页数: | 256页 | |
| 开本: | 27cm | |
| 丛书名: | 钦定四库全书 | |
| 单 册: | ||
| 中图分类: | B223.91 | |
| 科图分类: | ||
| 主题词: | 道家 | |
| 电子资源: | ||
| ISBN: | 978-7-5149-2089-5 | |
| 000 | 00909oam2 2200301 450 | |
| 001 | 012001012023 | |
| 005 | 20140103153056.0 | |
| 010 | @a978-7-5149-2089-5@dCNY58.00 | |
| 100 | @a20181129e2018 em y0chiy50 ea | |
| 101 | 0 | @achi |
| 102 | @aCN@b110000 | |
| 105 | @ay z 000yy | |
| 106 | @ar | |
| 200 | 1 | @a文子@9wen zi@f佚名编 |
| 205 | @a[影印版] | |
| 210 | @a北京@c中国书店@d2018 | |
| 215 | @a256页@d27cm | |
| 225 | 1 | @a钦定四库全书@i子部 |
| 300 | @a四库全书·道家类 | |
| 330 | @a《文子》十二卷,案《汉志 道家 文子》九篇。案马总《意林》列《文子》十二卷,注曰,周平王时人,师老君。《文子》成书后,在秦初即遭到禁毁。《文子》对老子的无为思想也进行了发挥。 | |
| 461 | 0 | @12001 @a钦定四库全书 |
| 462 | 0 | @12001 @a子部 |
| 605 | @a《文子》 | |
| 606 | 0 | @a道家 |
| 690 | @aB223.91@v5 | |
| 701 | 0 | @a佚名@9yi ming@4编 |
| 801 | 0 | @aCN@b上海新华@c20191020 |
| 905 | @b1139272-3@dB223.91@e928@f2 | |
| 文子/佚名编.-[影印版].-北京:中国书店,2018 |
| 256页;27cm.-(钦定四库全书.子部) |
| 四库全书·道家类 |
| ISBN 978-7-5149-2089-5:CNY58.00 |
| 《文子》十二卷,案《汉志 道家 文子》九篇。案马总《意林》列《文子》十二卷,注曰,周平王时人,师老君。《文子》成书后,在秦初即遭到禁毁。《文子》对老子的无为思想也进行了发挥。 |
| ● |
| 相关链接 |
|
|
|
|
正题名:文子
索取号:B223.91/928
 
预约/预借
| 序号 | 登录号 | 条形码 | 馆藏地/架位号 | 状态 | 备注 |
| 1 | 1139272 | 211392722 | 第一样本阅览室/ [索取号:B223.91/928] | 在馆 | |
| 2 | 1139273 | 211392731 | 第一借阅区/ [索取号:B223.91/928] | 在馆 |